00477nam a2200157Ia 4500003000400000005001700004008004100021020002200062040002900084050002700113100002100140245008000161260002700241300000900268651004200277OSt20240119131139.0230104s9999||||xx |||||||||||||| ||und|| a978-1-4614-1301-1 cChuka University Library aSBL QH 323.5bS53 2012 aShahbaba, Babak. 0aBiostatistics with R: An introduction to statistics through biological data aSpringerbIrrinec2012 aP352 2Biometry.R{Computer program language}